00426nam a22001457a 4500999001900000040001200019082001300031100003200044245003000076250001000106260004700116300001200163942001200175952009300187 c534349d534349 cMSOHAIL a891.4391 aMuhammad Shamsul Haq928486 aPaimana-e-Ghazal: Vol - 1 aVol-1 aIslamabadbNational Book Foundationcc2008 a440;pxv 2ddccBK 00102ddc4070aNITbNITd2020-02-17l0o891.4391pNIT-9802r2020-02-17w2020-02-17yBK